| 000 | 00508nam a2200181Ia 4500 | ||
|---|---|---|---|
| 008 | 090123s9999 xx 000 0 und d | ||
| 082 |
_b29459 _a891.463/खरे |
||
| 100 | _aखरे नंदा | ||
| 245 | _aसंप्रति | ||
| 250 | _a1 | ||
| 260 |
_bग्रंथाली प्रकाशन _c1998 |
||
| 300 | _a206 | ||
| 600 | _aखरे नंदा | ||
| 630 | _aसंप्रति | ||
| 700 | _aखरे नंदा | ||
| 730 | _aसंप्रति | ||
| 942 | _cBOOK | ||
| 999 |
_c68296 _d68296 |
||